Air conditioning : (Record no. 145465)

MARC details
000 -LEADER
fixed length control field 00767nam a2200229 a 4500
003 - CONTROL NUMBER IDENTIFIER
control field OSt
005 - DATE AND TIME OF LATEST TRANSACTION
control field 20251110101120.0
008 - FIXED-LENGTH DATA ELEMENTS--GENERAL INFORMATION
fixed length control field
020 ## - INTERNATIONAL STANDARD BOOK NUMBER
International Standard Book Number 0827319568 (paperback)
040 ## - CATALOGING SOURCE
Transcribing agency NUST
Original cataloging agency NUST
Language of cataloging eng
Modifying agency NUST
Description conventions rda
050 ## - LIBRARY OF CONGRESS CALL NUMBER
Classification number TH7687.A2 LAW
100 1# - MAIN ENTRY--PERSONAL NAME
Personal name Lang, V. Paul.
Relator term author
245 10 - TITLE STATEMENT
Title Air conditioning :
Remainder of title procedures and installation /
Statement of responsibility, etc. V. Paul Lang.
260 ## - PUBLICATION, DISTRIBUTION, ETC.
Place of publication, distribution, etc. Albany, N.Y. :
Name of publisher, distributor, etc. Delmar Publishers ,
Date of publication, distribution, etc. ©1982.
300 ## - PHYSICAL DESCRIPTION
Extent iv, 124 pages. :
Other physical details illustrations. ;
Dimensions 26 cm.
336 ## - CONTENT TYPE
Source rdacontent
Content type term text
Content type code txn
337 ## - MEDIA TYPE
Source rdamedia
Media type term unmediated
Media type code n
338 ## - CARRIER TYPE
Source rdacarrier
Carrier type term volume
Carrier type code nc
504 ## - BIBLIOGRAPHY, ETC. NOTE
Bibliography, etc. note Including Index
650 #0 - SUBJECT ADDED ENTRY--TOPICAL TERM
Topical term or geographic name entry element Air conditioning.
942 ## - ADDED ENTRY ELEMENTS (KOHA)
Koha item type Ordinary Loan Books
Call number prefix TH7687.A2
Call number suffix LAN
Source of classification or shelving scheme Library of Congress Classification
Classification part TH7687.A2 LAW
Suppress in OPAC No
Holdings
Withdrawn status Lost status Source of classification or shelving scheme Damaged status Not for loan Collection Home library Current library Shelving location Date acquired Source of acquisition Cost, normal purchase price Total Checkouts Full call number Barcode Date last seen Accession number Cost, replacement price Price effective from Koha item type Public note
    LCC   1 NFIC MAIN MAIN GEN 11/10/2025 Book Aid International 80.00   TH7687.A2 LAN 92003036636 01/23/2023 26411 80.00 01/23/2023 BOOKS Donation
    LCC   1 NFIC MAIN MAIN GEN 11/10/2025 Book Aid International 80.00   TH7687.A2 LAW 92003036376 11/10/2025 26450 80.00 01/23/2023 BOOKS Donation
    LCC   1 NFIC MAIN MAIN GEN 11/10/2025 Book Aid International 80.00   TH7687.A2 LAW 92003036220 11/10/2025 26447 80.00 01/23/2023 BOOKS Donation
    LCC   1 NFIC MAIN MAIN GEN 11/10/2025 Book Aid International 80.00   TH7687.A2 LAW 92003036239 11/10/2025 26449 80.00 01/23/2023 BOOKS Donation
    LCC   1 NFIC MAIN MAIN GEN 11/10/2025 Book Aid International 80.00   TH7687.A2 LAW 92003016646 11/10/2025 1271 80.00 01/23/2023 BOOKS Donation
    LCC   1 NFIC MAIN MAIN GEN 11/10/2025 Book Aid International 80.00   TH7687.A2 LAW 92004001263 11/10/2025 26452 80.00 01/23/2023 BOOKS Donation